Largest Capital Metro Areas - Statistics

General Stats
  • This quiz has been taken 64 times
  • The average score is 17 of 20
Answer Stats
Population Country Metro Area % Correct
37,832,892 Japan Tokyo
98%
24,900,000 China Beijing
96%
26,454,000 India Delhi
96%
13,879,757 United Kingdom London
96%
12,405,426 France Paris
96%
31,689,592 Indonesia Jabodetabek (Jakarta)
94%
21,339,781 Mexico Mexico City
94%
19,000,000 Russia Moscow
94%
9,286,225 Colombia Bogotá
90%
18,772,000 Egypt Cairo
90%
12,877,253 Philippines Manila
87%
13,074,000 Argentina Buenos Aires
85%
9,886,647 Peru Lima
85%
25,514,000 South Korea Seoul
85%
14,595,904 Iran Tehran
85%
8,305,218 Thailand Bangkok
83%
13,475,000 Democratic Republic of the Congo-Republic of the Congo Kinshasa-Brazzaville
79%
17,151,925 Bangladesh Dhaka
77%
7,739,570 Saudi Arabia Riyadh
56%
7,100,000 Netherlands Randstad (Amsterdam)
19%
No matching quizzes found
Score Distribution
Percent of People with Each Score
Percentile by Number Answered
Your Score History
You have not taken this quiz